000 00616nam a2200229Ia 4500
008 180523s9999 xx 000 0 und d
020 _a0-07-140600-X
050 _aMAIN PN 151
050 _b.B59 2003
100 _aBly, Robert W.
245 0 _aCareers for writers & others who have a way with words /
245 0 _cRobert W. Bly.
250 _a2nd Edition
260 _aNew York :
260 _bVGM Career Books,
260 _c2003
300 _a212 pages :
300 _c22 cm.
440 _aVGM careers for you series
500 _aIncludes index.
650 _aAuthorship -- Vocational guidance.
999 _c357398
_d357398